书目信息 |
| 题名: |
印度特仑甘纳人民的斗争及其经验教训
|
|
| 作者: | 孙达拉雅 著 ;厦门大学历史系翻译小组 译 | |
| 分册: | ||
| 出版信息: | 上海 三联书店 1977 |
|
| 页数: | 537页 | |
| 开本: | 20cm | |
| 丛书名: | ||
| 单 册: | ||
| 中图分类: | K351.43 | |
| 科图分类: | ||
| 主题词: | 南亚--历史 | |
| 电子资源: | ||
| ISBN: | ||
| 000 | 00753nam0 2200205 450 | |
| 001 | 0664452109 | |
| 005 | 20060817175707.65 | |
| 010 | @dCNY1.45 | |
| 100 | @a20060817d1977 km y0chiy0120 ea | |
| 101 | 0 | @achi |
| 102 | @aCN@b310000 | |
| 200 | 1 | @a印度特仑甘纳人民的斗争及其经验教训@Ayin du te lun gan na ren min de dou zheng ji qi jing yan jiao xun@f(印)普·孙达拉雅著@F(yin)pu·sun da la ya zhu@g厦门大学历史系翻译小组译@Gxia men da xue li shi xi fan yi xiao zu yi |
| 210 | @a上海@c三联书店@d1977 | |
| 215 | @a537页@d20cm | |
| 606 | 0 | @a南亚@x历史 |
| 690 | @aK351.43@v3 | |
| 701 | 0 | @a孙达拉雅@Asun da la ya@4著 |
| 712 | 0 | @a厦门大学历史系翻译小组@Axia men da xue li shi xi fan yi xiao zu@4译 |
| 801 | 0 | @aCN@bPFT@c20060817 |
| 905 | @a10447@dK351.43@e10 | |
| 印度特仑甘纳人民的斗争及其经验教训/(印)普·孙达拉雅著/厦门大学历史系翻译小组译.-上海:三联书店,1977 |
| 537页;20cm |
| ISBN :CNY1.45 |
| ● |
| 相关链接 |
|
|
|
|
正题名:印度特仑甘纳人民的斗争及其经验教训
索取号:K351.43/10
 
预约/预借
| 序号 | 登录号 | 条形码 | 馆藏地/架位号 | 状态 | 备注 |
| 1 | 0466408 | 204664087 | 密集书库/ [索取号:K351.43/10] | 在馆 | |
| 2 | 0466409 | 204664096 | 密集书库/ [索取号:K351.43/10] | 在馆 |